01953cam a22002775a 45000010009000000050017000090080041000260200025000670400038000920820021001301000051001512450093002022500012002952600054003073000033003615000025003945000027004195040041004465050910004876500030013976530033014277000021014609420008014819990017014899520169015061764071420151026112835.0130226t2014 maua frbd 001 0 eng d a9781449645267 (pbk.) aDNLM/DLCcDLCdDLCdEG-ScBUEbeng04a615.902222bRIC1 aRichards, Ira S.q(Ira Steven), d1948-93857610aPrinciples and practice of toxicology in public health /cIra Richards, Marie Bourgeois. a2nd ed. aBurlington :bJones & Bartlett Learning,cc.2014. axv, 522 p. :bill. ;c26 cm. aIndex : p. 497-522.  aGlossary : p. 453-495. aIncludes bibliographical references.0 aToxicology and its roots as a science -- Chemical properties and information resources on hazardous chemicals -- Toxicity and the factors that modify toxic responses -- Biological poisons : plant and animal toxins -- Environmental pollutants and their fate -- Dose and response -- Absorption of toxicants and models of disposition -- Distribution, storage, and elimination of toxicants -- Biotransformation -- Chemical-induced mutagenesis -- Chemicals and cancer -- Role of the immune system -- Skin -- The liver and kidneys -- The cardiovascular system -- The respiratory system -- The nervous system -- The endocrine system -- The practice of toxicology -- Regulatory considerations -- Toxicity testing -- Uses and limitations of product labeling for public safety -- Toxicology principles in the management of acute poisonings -- Risk assessment and the perception of risk -- Making informed decisions. aToxicology.2BUEsh921364 bPPhrmcJuly2015cOctober20151 aBourgeois, Marie 2ddc c20185d20157 00102ddc40708BaccahaMAINbMAINc1STd2015-07-05epurchaseg480.00h22353l2m2o615.902 RICp000039340q2025-05-29r2023-09-17 00:00:00s2023-09-17v600.00yBB